000 00846nam a2200205 i 4500
001 122466
003 ES-MaACL
005 20230906192001.0
007 t|
008 070214s1917 sp r ||||1| spa d
100 1 _aPrimo de Rivera, Miguel,
_d1870-1930
_9154406
245 1 0 _aRecuperación de Gibraltar
_b: Discursos leídos ante la Real Academia Hispano - Americana en la recepción pública del Sr. D. Miguel Primo de Rivera y Orbaneja el día 25 de marzo de 1917.
260 _aMadrid :
_b[s. n.],
_c1917 (
_fImp. de Manuel Alvarez)
300 _a65 p. ;
_c22 cm.
594 _aEn la cub.: Real Academia Hispano-Americana de Ciencias y Artes, Cádiz.
651 4 _aGibraltar-
_xEstatuto internacional.
_9145548
710 0 0 _aReal Academia Hispanoamericana (Cádiz)
_96343
852 _aES-MaACL
_j1532-F-2
999 _c122466
_d122466